[Event "4NCL Division Four"]
[Site "Warwick, ENG"]
[Date "2024.02.11"]
[Round "6.135"]
[White "Kataria, Dheeraj"]
[Black "Bradley, Eric"]
[Result "0-1"]
[WhiteElo "1345"]
[BlackElo "1397"]
[PlyCount "62"]
[EventDate "2024.02.11"]
[WhiteTeam "Watford B"]
[BlackTeam "War and Piece B"]

1. e4 d6 2. Nc3 Nf6 3. d4 Nbd7 4. Bc4 e5 5. Nf3 h6 6. Bd2 Be7 7. O-O c6 8. a4 Qc7 9. h3 g5 10. dxe5 dxe5 11. Nh2 Nf8 12. Ne2 Ng6 13. Ng3 Nf4 14. Bxf4 gxf4 15. Nf5 Bxf5 16. exf5 Bd6 17. Ng4 Qe7 18. Re1 O-O-O 19. Qf3 Nxg4 20. Qxg4 Kb8 21. c3 Rdg8 22. Qf3 h5 23. a5 Rg7 24. Kh2 h4 25. Rg1 e4 26. Qd1 f3+ 27. Kh1 Rhg8 28. Bf1 Qe5 29. g3 hxg3 30. Rxg3 Rxg3 31. fxg3 Qxg3 0-1